| 000 | 00644 a2200217 4500 | ||
|---|---|---|---|
| 003 | Nust | ||
| 005 | 20170207154049.0 | ||
| 010 | _a 2009279905 | ||
| 020 | _a9780826435156 | ||
| 035 | _a(OCoLC)ocn427613781 | ||
| 040 | _cNust | ||
| 082 | 0 | 0 | _a418.0071 |
| 245 | 0 | 0 |
_aIssues in second language proficiency(E-BOOK) _cedited by Alessandro G. Benati. |
| 260 |
_aLondon ; _aNew York : _bContinuum, _cc2009. |
||
| 300 |
_axii, 253 p. : _bill. ; _c24 cm. |
||
| 650 | 0 | _aCommunicative competence. | |
| 650 | 0 |
_aLanguage and languages _xStudy and teaching. |
|
| 650 | 0 | _aSecond language acquisition. | |
| 651 | _aE-BOOK | ||
| 700 | 1 | _aBenati, Alessandro G. | |
| 942 |
_2ddc _cBK |
||
| 999 |
_c193048 _d193048 |
||